000 00660nam a2200289Ia 4500
005 20260324144647.0
008 008 260324s9999 xx 000 0 eng d
020 _a9781003209034
037 _aEBOOK
040 _aCRL
040 _beng
040 _cCRL
041 _2eng
041 _aeng
084 _qCRL
100 _aPeter A. Thrower
_91210269
245 0 _aChemistry & Physics of Carbon
245 0 _bVolume 20
260 _bTaylor and Francis
260 _c1987
365 _a
365 _b305
856 _uhttp://www.taylorfrancis.com/books/9781003209034
942 _cEBOOK
999 _c1827031
_d1827031